Carte du monde mais les pays enclavés sont supprimés - Statistiques

Statistiques générales
  • Ce quiz a été pris 54 fois
    34 depuis la dernière actualisation
  • Le résultat moyen est 113 sur 151
Réponses sur la Carte
Les réponses sont colorées sur une échelle allant du rouge au vert en fonction du pourcentage des utilisateurs qui les ont devinées à leur premier essai. Vous pouvez retrouver ces pourcentages ci-dessous.
 
Statistiques - réponses
Pays % Correct
Canada
93%
États-Unis
93%
Mexique
93%
Algérie
90%
Allemagne
90%
Argentine
90%
Belgique
90%
Brésil
90%
Chili
90%
Colombie
90%
Danemark
90%
Égypte
90%
Espagne
90%
France
90%
Irlande
90%
Islande
90%
Italie
90%
Maroc
90%
Pologne
90%
Portugal
90%
Royaume-Uni
90%
Russie
90%
Suède
90%
Turquie
90%
Arabie Saoudite
87%
Émirats Arabes Unis
87%
Estonie
87%
Finlande
87%
Grèce
87%
Inde
87%
Lettonie
87%
Lituanie
87%
Norvège
87%
Pays-Bas
87%
Pérou
87%
Soudan
87%
Tunisie
87%
Uruguay
87%
Afrique du Sud
83%
Australie
83%
Chine
83%
Chypre
83%
Corée du Nord
83%
Corée du Sud
83%
Croatie
83%
Cuba
83%
Guinée
83%
Haïti
83%
Honduras
83%
Japon
83%
Libye
83%
Madagascar
83%
Panama
83%
République Démocratique du Congo
83%
République du Congo
83%
Roumanie
83%
Ukraine
83%
Yémen
83%
Albanie
80%
Costa Rica
80%
Côte d'Ivoire
80%
Équateur
80%
Indonésie
80%
Suriname
80%
Syrie
80%
Bénin
77%
Érythrée
77%
Guyana
77%
Irak
77%
Iran
77%
Israël
77%
Jamaïque
77%
Jordanie
77%
Malte
77%
Nouvelle-Zélande
77%
Oman
77%
Qatar
77%
République Dominicaine
77%
Salvador
77%
Somalie
77%
Thaïlande
77%
Venezuela
77%
Angola
73%
Bulgarie
73%
Cambodge
73%
Cameroun
73%
Cap-Vert
73%
Mauritanie
73%
Nigeria
73%
Pakistan
73%
Sénégal
73%
Slovénie
73%
Viêt Nam
73%
Bangladesh
70%
Bosnie-Herzégovine
70%
Djibouti
70%
Géorgie
70%
Ghana
70%
Guinée-Bissau
70%
Kenya
70%
Koweït
70%
Liban
70%
Maldives
70%
Monténégro
70%
Bahreïn
67%
Belize
67%
Birmanie
67%
Gambie
67%
Guatemala
67%
Guinée Équatoriale
67%
Mozambique
67%
Namibie
67%
Nicaragua
67%
Papouasie-Nouvelle-Guinée
67%
Philippines
67%
Sierra Leone
67%
Sri Lanka
67%
Taïwan
67%
Bahamas
63%
Liberia
63%
Malaisie
63%
Maurice
63%
Togo
63%
Trinité-et-Tobago
63%
Antigua-et-Barbuda
60%
Comores
60%
États Fédérés de Micronésie
60%
Fidji
60%
Gabon
60%
Seychelles
60%
Tanzanie
60%
Barbade
57%
Dominique
57%
Grenade
57%
Kiribati
57%
Palaos
57%
Sao Tomé-et-Principe
57%
Singapour
57%
Sainte-Lucie
53%
Samoa
53%
Tuvalu
53%
Vanuatu
53%
Brunei
50%
Îles Marshall
50%
Îles Salomon
50%
Nauru
50%
Saint-Vincent-et-les-Grenadines
50%
Tonga
50%
Saint-Christophe- et-Niévès
47%
Monaco
43%
Timor Oriental
43%
Aucun quiz correspondant
Distribution des résultats
% des personnes avec chaque résultat
Percentile par nombre de réponses
Votre historique - résultats
Vous n’avez pas pris ce quiz depuis la dernière actualisation